00479 2200181 4500001002100000005001500021035002000036007000300056008004100059020001800100082001300118084001900131100001900150245004100169260004500210300002200255650002000277INLIS00000000000142620260527015622 a0010-0526000003ta260527 0 ind  a9786020674384 a899.2213 a899.2213 KHR s0 aKhrisna, Brian1 aSisi Tergelap Surga /cBrian Khrisna aJakarta :bGramedia Pustaka Utama,c2023 a304 ;c20x13,5 cm aFIKSI INDONESIA